00849cas a2200193 a 450000500170000000800410001702200180005804000840007604100080016004400070016824500850017526000770026030000270033765000510036465000670041571000450048278000680052778500600059520180629152542.0880317d19862008ck uu p 0 0spa c a0120-8195221 aGZMcGZMdHULdDLCdSYSdOCLCQdGBVCPdOCLCQdOCLCFdHLSdGZMdOCLCAdCO-BoIAVH0 aspa ack00aNueva revista colombiana de folclor /cPatronato Colombiano de Artes y Ciencias. aBogotá (Colombia) :bPatronato Colombiano de Artes y Ciencias.c1986-. bilustraciones ;c25 cm26aFolklorezColombiavPublicaciones periódicas26aCostumbres y tradicioneszColombiaxPublicaciones periódicas2 aPatronato Colombiano de Artes y Ciencias00tRevista colombiana de folclorw(DLC) 50001950w(OCoLC)654667000tFolclor colombianow(DLC) 2014235016w(OCoLC)892078182